000
00315nam a22001337a 4500
008
171101b xxu||||| |||| 00| 0 eng d
020
_a
0132836238
041
_a
eng
080
_a
33
100
_a
59
101
_a
BUS
245
_a
ESSAYS ON ETHICS IN BUSINESS AND THE PROFESSIONS
_c
BEHRMAN,J.N
942
_2
udc
_c
BK
999
_c
36964
_d
36964